LEADER 02508nam a2200337 i 4500 001 000000010331 003 CaOOAMICUS 005 20210318113409.0 008 180830s1991 it u000 u ita u 040 $aSeMil$bita 100 1 $aBosco, Giovanni,$c.$0(OLS)http://semarc/name/4287 245 10$aScritti editi e inediti di Giovanni Bosco /$cintroduzione, testi critici e note a cura di Francesco Motto. 260 $aRoma :$bLAS,$c1991- 300 $av. ;$c26 cm. 650 4$aBosco, Giovanni - Lettere e carteggi.$0(OLS)http://semarc/subject/19872 700 1 $aMotto, Francesco,$c.$0(OLS)http://semarc/name/5037 774 0 $tScritti pedagogici e spirituali.$b2. ed. accresciuta.$dRoma : LAS, 1987.$kFonti / Istituto storico salesiano, Roma. Serie 1$z88-213-0141-9$g3$w()119511 774 0 $tEpistolario. 1, 1835-1863 (1-726).$dRoma : LAS, 1991.$kFonti / Istituto storico salesiano, Roma. Serie 1$z88-213-0226-1$g6$w()77662 774 0 $aBorrego, Jesús$tDon Bosco educatore.$b2. ed. accresciuta / a cura di Pietro Braido.$dRoma : LAS, 1992.$kFonti / Istituto storico salesiano, Roma. Serie 1$z88-213-0237-7$g7$w()118739 774 0 $tEpistolario. 2, 1864-1868 (727-1263).$dRoma : LAS, 1996.$kFonti / Istituto storico salesiano, Roma. Serie 1$z88-213-0342-X$g8$w()119512 774 0 $tEpistolario. 3, 1869-1872 (1264-1714).$dRoma : LAS, 1999.$kFonti / Istituto storico salesiano, Roma. Serie 1$z88-213-0424-8$g10$w()119513 774 0 $tEpistolario. 5, 1876-1877 (2244-2665).$dRoma : LAS, 2012.$kFonti / Istituto storico salesiano, Roma. Serie 1$z978-88-213-0845-1$w()342476 774 0 $tEpistolario. 6, 1878-1879 (2666-3120).$dRoma : LAS, 2014.$kFonti / Istituto storico salesiano, Roma. Serie 1$z978-88-213-1151-2$w()342477 774 0 $tEpistolario. 7, 1880-1881 (3121-3561).$dRoma : LAS, 2016.$kFonti / Istituto storico salesiano, Roma. Serie 1$z978-88-213-1197-0$w()342478 774 0 $tEpistolario. 8, 1882-1883 (3562-3955).$dRoma : LAS, 2019.$kFonti / Istituto storico salesiano, Roma. Serie 1$z978-88-213-1331-8$g15$w()332723 774 0 $tEpistolario. 9, 1884-1886 (3956-4424).$dRoma : LAS, 2021.$kFonti / Istituto storico salesiano, Roma. Serie 1$z978-88-213-1392-9$g9$w()344961 900 0 $aGiovanni : Bosco. 996 $6245$aScritti editi e inediti di Giovanni Bosco$9(OLS)http://semarc/title/13651 996 $6260$aRoma :$bLAS$9(OLS)http://semarc/publisher/29900 LEADER 01283nam a2200289 i 4500 001 000000082617 003 CaOOAMICUS 005 20200127100521.0 008 171023s2016 it u000 u ita u 013 $a54857 020 $a978-88-514-1687-4 040 $aSeMil$bita 100 1 $aDuvignau, Pierre.$0(OLS)http://semarc/name/54994 245 10$aSan Michele Garicoďts :$bun maestro spirituale per il nostro tempo /$cPierre Duvignau ; prefazione di Gaspar Fernández Pérez. 260 $aMilano :$bŔncora,$c2016. 300 $a315 p. ;$c21 cm. 500 $aContiene: Cronologia della vita di San Michele Garicoďts. 600 14$aGaricoďts, Michele .$0(OLS)http://semarc/subject/45595 700 1 $aFernández Pérez, Gaspar.$0(OLS)http://semarc/name/91987 830 0$aProfili.$0(OLS)http://semarc/title/10268 850 $aSeMil 852 $aSeMil$W1$xVenegono$y1$m3H IV 344$j47496$B47496$CSeMilBibl$Z2$F50216 $81 961 $aOmaggio: Delpini mons. Mario 996 $6020$a978-88-514-1687-4$9(OLS)http://semarc/number/271412 996 $6245$aSan Michele Garicoďts :$bun maestro spirituale per il nostro tempo$9(OLS)http://semarc/title/405165 996 $6260$aMilano :$bŔncora$9(OLS)http://semarc/publisher/29763